000 01504nab a22002057a 4500
999 _c5524
_d5524
003 OSt
005 20251215094256.0
008 190604e xxu||||| |||| 00| 0 spa d
040 _cPJ
100 _94818
_aGullco, Hernán V.
245 1 3 _aEl dec. 383/2025 y el principio de legalidad /
_cHernán V. Gullco.
260 _aCiudad Autónoma de Buenos Aires :
_bThomson Reuters La Ley,
_c2025.
300 _ap. 50-59
500 _aCita Online: TR LALEY AR/DOC/1883/2025.
505 _aSumario: Sumario: I. Introducción.— II. La importancia fundamental del principio de legalidad en un Estado democrático de derecho.— III. Las facultades constitucionales y legales invocadas en el dec. 383/2025.— IV. La pluralidad de fundamentos constitucionales como primer problema de validez del dec. 383/2025.— V. Las facultades legislativas delegadas previstas en el art. 76 CN.— VI. El dec. 383/2025 como el ejercicio de facultades reglamentarias del art. 99, inc. 2°, CN.— VII. El dec. 383/2025 como el ejercicio de las facultades del presidente en su carácter de "responsable político de la administración general del país" (art. 99, inc. 1°, CN).— VIII. Conclusión.
505 _t¿Te interesa el texto completo? Solicitalo al correo: koha@justierradelfuego.gov.ar
650 0 _9178
_aDERECHO CONSTITUCIONAL
773 0 _02714
_93171
_dCiudad Autónoma de Buenos Aires : Thomson Reuters La Ley, 2014-
_tRevista anales de legislación argentina. Nº 11- Noviembre 2025.
942 _2udc
_cANA